The Game of Sunken Places / (Record no. 2820)

MARC details
000 -LEADER
fixed length control field 00908cam a2200277 a 4500
005 - DATE AND TIME OF LATEST TRANSACTION
control field 20240116103031.0
020 ## - INTERNATIONAL STANDARD BOOK NUMBER
International Standard Book Number 0439416604 (hardcover)
020 ## - INTERNATIONAL STANDARD BOOK NUMBER
International Standard Book Number 0439416612 (pbk.)
020 ## - INTERNATIONAL STANDARD BOOK NUMBER
International Standard Book Number 9780545200080
040 ## - CATALOGING SOURCE
Original cataloging agency DLC
Transcribing agency DLC
Modifying agency DLC
Language of cataloging eng
050 00 - LIBRARY OF CONGRESS CALL NUMBER
Classification number PZ7.A54395
Item number Gam 2004
082 00 - DEWEY DECIMAL CLASSIFICATION NUMBER
Classification number 813.6
Edition number 22
100 1# - MAIN ENTRY--PERSONAL NAME
Personal name Anderson, M. T.
245 14 - TITLE STATEMENT
Title The Game of Sunken Places /
Statement of responsibility, etc. M.T. Anderson
250 ## - EDITION STATEMENT
Edition statement This edition first printing, May 2010
260 ## - PUBLICATION, DISTRIBUTION, ETC.
Place of publication, distribution, etc. New York :
Name of publisher, distributor, etc. Scholastic Press,
Date of publication, distribution, etc. 2004
300 ## - PHYSICAL DESCRIPTION
Extent 260 pages ;
Dimensions 20 cm
505 ## - FORMATTED CONTENTS NOTE
Formatted contents note N
520 ## - SUMMARY, ETC.
Summary, etc. When two boys stay with an eccentric relative at his mansion in rural Vermont, they discover an old-fashioned board game that draws them into a mysterious adventure.
521 ## - TARGET AUDIENCE NOTE
Target audience note 670
Source Lexile
521 ## - TARGET AUDIENCE NOTE
Target audience note N
Source Raz-Plus
650 #1 - SUBJECT ADDED ENTRY--TOPICAL TERM
Topical term or geographic name entry element Games
Form subdivision Fiction.
906 ## - LOCAL DATA ELEMENT F, LDF (RLIN)
a 7
b cbc
c orignew
d 1
e ecip
f 20
g y-gencatlg
942 ## - ADDED ENTRY ELEMENTS (KOHA)
Source of classification or shelving scheme Dewey Decimal Classification
Koha item type Books
Suppress in OPAC No
999 ## -
-- 2820
-- 2820
Holdings
Withdrawn status Lost status Source of classification or shelving scheme Damaged status Not for loan Collection Home library Current library Shelving location Date acquired Total Checkouts Full call number Barcode Date last seen Date last checked out Price effective from Koha item type
    Dewey Decimal Classification     Juvenile Fiction Footprints International School Library Network Toul Kork Campus Footprints International School Library Network Toul Kork Campus   01/16/2024 2 AND 813.6 PZ7.A54395 FISSE00927 01/21/2026 12/10/2025 01/16/2024 Books